العوامل الحرجة لنجاح المشاريع المحتضنة في الاردن : دراسة ميدانية = Critical Success Factors for Incubated Projects in Jordan : A Field Study / (Record no. 33033)
[ view plain ]
| 000 -LEADER | |
|---|---|
| fixed length control field | 01358nam a2200265Ii 4500 |
| 003 - CONTROL NUMBER IDENTIFIER | |
| control field | JO-AjNU |
| 005 - DATE AND TIME OF LATEST TRANSACTION | |
| control field | 20231209105154.0 |
| 008 - FIXED-LENGTH DATA ELEMENTS--GENERAL INFORMATION | |
| fixed length control field | 230605s9999||||xx |||||||||||||| ||und|| |
| 040 ## - CATALOGING SOURCE | |
| Original cataloging agency | JO-AjNU |
| Language of cataloging | ara |
| Description conventions | rda |
| Transcribing agency | JO-AjNU |
| 041 ## - LANGUAGE CODE | |
| Language code of text/sound track or separate title | ara |
| 050 ## - LIBRARY OF CONGRESS CALL NUMBER | |
| Classification number | HD2346. |
| Item number | J6.M3553 2015 |
| 100 #1 - MAIN ENTRY--PERSONAL NAME | |
| Personal name | الملاح، روند خالد |
| 9 (RLIN) | 64700 |
| Relator term | معد |
| 245 #0 - TITLE STATEMENT | |
| Title | العوامل الحرجة لنجاح المشاريع المحتضنة في الاردن : دراسة ميدانية = Critical Success Factors for Incubated Projects in Jordan : A Field Study / |
| Statement of responsibility, etc. | اعداد روند خالد الملاح؛ اشراف اياد عيسى السرطاوي |
| 260 ## - PUBLICATION, DISTRIBUTION, ETC. | |
| Place of publication, distribution, etc. | اربد : |
| Name of publisher, distributor, etc. | جامعة اليرموك، |
| Date of publication, distribution, etc. | 2015 |
| 300 ## - PHYSICAL DESCRIPTION | |
| Extent | 83 ورقة |
| 336 ## - CONTENT TYPE | |
| Content type term | text |
| Content type code | txt |
| Source | rdacontent |
| 337 ## - MEDIA TYPE | |
| Media type term | unmediated |
| Media type code | n |
| Source | rdamedia |
| 338 ## - CARRIER TYPE | |
| Carrier type term | volume |
| Carrier type code | nc |
| Source | rdacarrier |
| 500 ## - GENERAL NOTE | |
| General note | رسالة جامعية (ماجستير) جامعة اليرموك (إربد، الأردن)، كلية الإقتصاد والعلوم الإدارية ؛ قسم المحاسبة، 2015. |
| 501 ## - WITH NOTE | |
| With note | تحتوي على ملاحق |
| 504 ## - BIBLIOGRAPHY, ETC. NOTE | |
| Bibliography, etc. note | تحتوي على مراجع باللغتين العربية والانجلزية |
| 650 40 - SUBJECT ADDED ENTRY--TOPICAL TERM | |
| Topical term or geographic name entry element | المشاريع الصغيرة-تمويل-الاردن |
| 9 (RLIN) | 64708 |
| 700 #1 - ADDED ENTRY--PERSONAL NAME | |
| Personal name | السرطاوي،اياد عيسى |
| 9 (RLIN) | 64709 |
| Relator term | مشرف |
| 942 ## - ADDED ENTRY ELEMENTS (KOHA) | |
| Source of classification or shelving scheme | Library of Congress Classification |
| Koha item type | Thesis |
| Withdrawn status | Lost status | Source of classification or shelving scheme | Damaged status | Not for loan | Home library | Current library | Shelving location | Date acquired | Total Checkouts | Full call number | Barcode | Date last seen | Price effective from | Koha item type |
|---|---|---|---|---|---|---|---|---|---|---|---|---|---|---|
| Library of Congress Classification | مكتبة جامعة عجلون الوطنية | مكتبة جامعة عجلون الوطنية | المجموعات العامة | 06/06/2023 | HD2346.J6.M3553 2015 | A29465 | 06/06/2023 | 06/06/2023 | Thesis |